|
|
|
|
| LEADER |
00000nbm0a2200000 4500 |
| 001 |
139858 |
| 005 |
20231031141903.0 |
| 035 |
|
|
|a (RuTPU)RU\TPU\book\151520
|
| 090 |
|
|
|a 139858
|
| 100 |
|
|
|a 20080613g1967 k y0rusy50 ca
|
| 101 |
0 |
|
|a rus
|
| 102 |
|
|
|a RU
|
| 105 |
|
|
|a a m 001zy
|
| 200 |
1 |
|
|a Гидрогеология Енисейского кряжа и оценка его перспектив на рудные полезные ископаемые по гидрогеохимическим данным (том 1-текст)
|e Диссертация на соискание ученой степени кандидата геологоминералогических наук
|f Н. Г. Шубенин
|g Томский политехнический институт (ТПИ) ; Красноярское геологическое управление, Ангарская геологоразведочная экспедиция ; науч. рук. Г. М. Рогов
|
| 210 |
|
|
|a Мотыгино
|d 1967
|a Томск
|
| 215 |
|
|
|a 349 л.
|c ил.
|
| 320 |
|
|
|a Библиогр.: с. 316 -332 ( 166 назв.)
|
| 320 |
|
|
|a Библиогр.: с. 332 -349 ( 163 назв. )
|
| 610 |
1 |
|
|a Енисейский кряж
|
| 610 |
1 |
|
|a гидрогеология
|
| 610 |
1 |
|
|a рудные полезные ископаемые
|
| 610 |
1 |
|
|a гидрогеохимические данные
|
| 610 |
1 |
|
|a подземные воды
|
| 610 |
1 |
|
|a формирование
|
| 610 |
1 |
|
|a распространение
|
| 610 |
1 |
|
|a рельеф
|
| 610 |
1 |
|
|a климат
|
| 610 |
1 |
|
|a гидрография
|
| 610 |
1 |
|
|a тектоника
|
| 610 |
1 |
|
|a коллекторские свойства
|
| 610 |
1 |
|
|a водоносные комплексы
|
| 610 |
1 |
|
|a режим
|
| 610 |
1 |
|
|a зональность
|
| 610 |
1 |
|
|a химический состав
|
| 610 |
1 |
|
|a геологическое изучение
|
| 610 |
1 |
|
|a диссертации
|
| 675 |
|
|
|a 551.49(04)
|v 3
|
| 700 |
|
1 |
|a Шубенин
|b Н. Г.
|
| 702 |
|
1 |
|a Рогов
|b Г. М.
|c российский гидрогеолог
|c профессор Томского политехнического университета
|f 1930-
|g Геннадий Маркелович
|2 stltpush
|3 (RuTPU)RU\TPU\pers\19857
|4 727
|
| 712 |
0 |
2 |
|a Томский политехнический институт (ТПИ)
|c (1944-1991)
|2 stltpush
|3 (RuTPU)RU\TPU\col\1123
|
| 712 |
0 |
2 |
|a Красноярское геологическое управление
|b Ангарская геологоразведочная экспедиция
|2 stltpush
|3 (RuTPU)RU\TPU\col\12314
|
| 801 |
|
1 |
|a RU
|b 63413507
|c 20080613
|g PSBO
|
| 801 |
|
2 |
|a RU
|b 63413507
|c 20090521
|g PSBO
|
| 942 |
|
|
|c BK
|